[Event "NRW-ch U14 Girls"]
[Site "Kranenburg"]
[Date "2009.04.14"]
[Round "2"]
[White "Rahimi, Rozafa"]
[Black "Koester, Corinna"]
[Result "1-0"]
[WhiteElo "1310"]
[BlackElo "1113"]
[PlyCount "75"]
[EventDate "2009.04.13"]
[EventType "swiss"]
[EventRounds "7"]
[EventCountry "GER"]
[SourceTitle "EXT 2010"]
[Source "ChessBase"]
[SourceDate "2010.11.25"]
[SourceVersion "1"]
[SourceVersionDate "2010.11.25"]
[SourceQuality "1"]

1. e4 e5 2. Nf3 Nc6 3. Bb5 a6 4. Bxc6 dxc6 5. h3 Nf6 6. Nc3 Bc5 7. d3 Be6 8. 0-0 0-0 9. Nxe5 Qd6 10. Nf3 h6 11. e5 Qe7 12. exf6 Qxf6 13. Be3 Bb6 14. Bxb6 cxb6 15. Re1 Rfe8 16. Re3 Rad8 17. Qe2 Re7 18. Re1 Rde8 19. Ne5 Kf8 20. Ng4 Qg5 21. Qf3 h5 22. Ne5 Bf5 23. h4 Qf6 24. Qxh5 g6 25. Qh6+ Kg8 26. Nf3 Bg4 27. Ne4 Qxb2 28. Neg5 Qg7 29. Qxg7+ Kxg7 30. Rxe7 Rf8 31. Rxb7 Bxf3 32. Nxf3 b5 33. Ree7 Kf6 34. Ng5 Rh8 35. Rxf7+ Ke5 36. Rbe7+ Kd6 37. d4 Rh5 38. Rd7# 1-0